"We're just trying to teach them to be human beings in an unjust world": choice, individual responsibility, and conflict in a juvenile reentry program

Gespeichert in:  
Bibliographische Detailangaben
1. VerfasserIn: Ochoa, Bikila Tajh (Verfasst von)
Medienart: Druck Buch
Sprache:Englisch
Veröffentlicht: 2009
In:Jahr: 2009
Verfügbarkeit prüfen: HBZ Gateway
Subito Bestelldienst: Jetzt bestellen.
Schlagwörter:

MARC

LEADER 00000cam a2200000 c 4500
001 1392312353
003 DE-627
005 20220528141111.0
007 tu
008 100427s2009 xx ||||| m 00| ||eng c
024 8 |a 3365375  |q Order no. 
035 |a (DE-627)1392312353 
035 |a (DE-576)322312353 
035 |a (DE-599)BSZ322312353 
040 |a DE-627  |b ger  |c DE-627  |e rakwb 
041 |a eng 
100 1 |a Ochoa, Bikila Tajh  |4 aut 
245 1 0 |a "We're just trying to teach them to be human beings in an unjust world"  |b choice, individual responsibility, and conflict in a juvenile reentry program  |c presented by Bikila Tajh Ochoa 
246 3 3 |a "We are just trying to teach them to be human beings in an unjust world" 
264 1 |c 2009 
300 |a VIII, 227 S. 
336 |a Text  |b txt  |2 rdacontent 
337 |a ohne Hilfsmittel zu benutzen  |b n  |2 rdamedia 
338 |a Band  |b nc  |2 rdacarrier 
502 |a Cambridge, Harvard Univ., Diss., 2009 
583 1 |a Archivierung prüfen  |c 20200919  |f DE-640  |z 1  |2 pdager 
655 7 |a Hochschulschrift  |0 (DE-588)4113937-9  |0 (DE-627)105825778  |0 (DE-576)209480580  |2 gnd-content 
751 |a Cambridge, Mass.  |0 (DE-588)4009352-9  |0 (DE-627)106363174  |0 (DE-576)208882065  |4 uvp 
935 |a mkri 
951 |a BO 
ELC |b 1 
LOK |0 000 xxxxxcx a22 zn 4500 
LOK |0 001 2633336809 
LOK |0 003 DE-627 
LOK |0 004 1392312353 
LOK |0 005 20100427095734 
LOK |0 008 100427||||||||||||||||ger||||||| 
LOK |0 040   |a DE-Frei85  |c DE-627  |d DE-Frei85 
LOK |0 852   |z Kopie, erschienen im Verlag Univ. Microfilms Internat., Ann Arbor, 2009 
LOK |0 852   |a DE-Frei85 
LOK |0 852 1  |m p  |9 00 
LOK |0 938   |k p 
LOK |0 939   |a 27-04-10  |b l01 
ORI |a SA-MARC-krimdoka001.raw